Bitcoin és banki alapú finanszírozás összehasonlítása

Bibliographic Details
Main Author: Gyüre Ferenc
Other Authors: Farkas Dr. habil. Szilveszter
Format: Thesis
Kulcsszavak:Blokklánc,
Bitcoin,
Ethereum
Online Access:http://dolgozattar.uni-bge.hu/20986

MARC

LEADER 00000nta a2200000 i 4500
001 dolg20986
005 20190510094436.0
008 190510suuuu hu om 000 hun d
040 |a BGE Dolgozattár Repozitórium  |b hun 
041 |a hu 
100 1 |a Gyüre Ferenc 
245 1 0 |a Bitcoin és banki alapú finanszírozás összehasonlítása  |c Gyüre Ferenc  |h [elektronikus dokumentum] 
246 1 1 |a Bitcoin és banki alapú finanszírozás összehasonlítása 
695 |a Blokklánc, 
695 |a Bitcoin, 
695 |a Ethereum 
700 1 |a Farkas Dr. habil. Szilveszter  |e ths 
856 4 0 |u http://dolgozattar.uni-bge.hu/20986/1/Gy%C3%BCre_Ferenc_P%C3%A9nz%C3%BCgy_V%C3%A1llalati_p%C3%A9nz%C3%BCgyek_szakir%C3%A1ny_DNGPFK_v%C3%A9gleges_szakdolgozat.pdf  |z Dokumentum-elérés